Statistics for 5 seconds of summer lyrics

Click here to take the quiz!

General Stats

  • This quiz has been taken 336 times
  • The average score is 15 of 15

Answer Stats

HintAnswer% Correct
simmer______down
100%
simmer _____down
100%
that im so ______down
100%
she looks so _______perfect
99%
they say we are too ______young
99%
in my ______american
98%
and i _____ nowknow
98%
standing _____there
98%
apparel ______underwear
98%
so dont ___ honeymove
97%
if you dont _____you will drownswim
97%
now to amount to______anything
96%
we work too_____ harddamn
95%
else but ___ aroundlook
95%
for this just to ____ up nowgive
94%

Score Distribution

Percentile by Number Answered

Percent of People with Each Score

Your Score History

You have not taken this quiz